000
00186 a2200097 4500
020
_a
9788427209824
041
_a
spa
100
_a
Kinney, Jeff
245
_a
Dario de Greg 12
942
_c
BK
999
_c
26502
_d
26502